000 00301nam a22001337a 4500
008 210308b ||||| |||| 00| 0 eng d
041 _aeng
080 _a510
082 _a510
100 _a36
101 _aMAT
245 _aAm Introduction to Homological Algebra
_cNorthcott,G.D
942 _2udc
_cBK
999 _c55953
_d55953